[Event "2nd Easter 4NCL Congress"]
[Site "Daventry"]
[Date "2022.04.18"]
[Round "6"]
[Board "3"]
[White "Turner, Max N"]
[Black "Bin-Suhayl, Ieysaa"]
[Result "1/2-1/2"]
[WhiteElo "2366"]
[BlackElo "2309"]
[PlyCount "0"]
[EventDate "2022.04.15"]
[EventRounds "7"]
[EventCountry "ENG"]

1. d4 {[%clk 01:30:57]} {[%emt 00:00:03]} Nf6 {[%clk 01:30:54]} {[%emt
00:00:06]} 2. c4 {[%clk 01:31:12]} {[%emt 00:00:15]} e6 {[%clk 01:31:20]}
{[%emt 00:00:05]} 3. Nc3 {[%clk 01:31:34]} {[%emt 00:00:07]} Bb4 {[%clk
01:31:46]} {[%emt 00:00:04]} 4. e3 {[%clk 01:31:25]} {[%emt 00:00:39]} O-O
{[%clk 01:32:00]} {[%emt 00:00:16]} 5. Bd2 {[%clk 01:31:35]} {[%emt 00:00:20]}
b6 {[%clk 01:22:42]} {[%emt 00:09:49]} 6. Nf3 {[%clk 01:31:44]} {[%emt
00:00:20]} Bb7 {[%clk 01:20:04]} {[%emt 00:03:08]} 7. Bd3 {[%clk 01:30:24]}
{[%emt 00:01:50]} d6 {[%clk 01:17:45]} {[%emt 00:02:50]} 8. Qc2 {[%clk
01:28:51]} {[%emt 00:02:02]} Nbd7 {[%clk 01:17:58]} {[%emt 00:00:17]} 9. a3
{[%clk 01:28:08]} {[%emt 00:01:13]} Bxc3 {[%clk 01:18:22]} {[%emt 00:00:07]} 10.
Bxc3 {[%clk 01:28:27]} {[%emt 00:00:10]} Qe7 {[%clk 01:18:29]} {[%emt
00:00:23]} 11. O-O {[%clk 01:19:01]} {[%emt 00:09:57]} e5 {[%clk 01:18:56]}
{[%emt 00:00:03]} 12. Nd2 {[%clk 01:19:15]} {[%emt 00:00:15]} e4 {[%clk
01:17:21]} {[%emt 00:02:05]} 13. Be2 {[%clk 01:19:14]} {[%emt 00:00:31]} h6
{[%clk 01:12:20]} {[%emt 00:05:31]} 14. b4 {[%clk 01:18:01]} {[%emt 00:01:43]}
Rfe8 {[%clk 01:07:24]} {[%emt 00:05:27]} 15. a4 {[%clk 01:14:28]} {[%emt
00:04:03]} c5 {[%clk 01:05:48]} {[%emt 00:02:06]} 16. a5 {[%clk 01:11:55]}
{[%emt 00:03:03]} d5 {[%clk 01:06:14]} {[%emt 00:00:03]} 17. a6 {[%clk
01:04:27]} {[%emt 00:07:59]} Bc8 {[%clk 01:06:38]} {[%emt 00:00:06]} 18. bxc5
{[%clk 01:03:45]} {[%emt 00:01:12]} bxc5 {[%clk 01:06:22]} {[%emt 00:00:45]} 19.
Ra5 {[%clk 00:57:41]} {[%emt 00:06:35]} Nb8 {[%clk 00:56:51]} {[%emt 00:10:00]}
20. cxd5 {[%clk 00:54:20]} {[%emt 00:03:51]} Nxd5 {[%clk 00:57:15]} {[%emt
00:00:06]} 21. Rxc5 {[%clk 00:54:22]} {[%emt 00:00:28]} Nxc3 {[%clk 00:57:34]}
{[%emt 00:00:11]} 22. Qxc3 {[%clk 00:54:11]} {[%emt 00:00:42]} Bxa6 {[%clk
00:57:44]} {[%emt 00:00:20]} 23. Re5 {[%clk 00:46:47]} {[%emt 00:07:54]} Qxe5
{[%clk 00:54:45]} {[%emt 00:03:29]} 24. dxe5 {[%clk 00:47:05]} {[%emt
00:00:11]} Bxe2 {[%clk 00:55:12]} {[%emt 00:00:03]} 25. Rc1 {[%clk 00:35:28]}
{[%emt 00:12:06]} Nd7 {[%clk 00:51:59]} {[%emt 00:03:44]} 26. Nxe4 {[%clk
00:35:30]} {[%emt 00:00:28]} Nxe5 {[%clk 00:48:23]} {[%emt 00:04:07]} 27. Nd6
{[%clk 00:31:32]} {[%emt 00:04:28]} Re6 {[%clk 00:48:33]} {[%emt 00:00:19]} 28.
Qc7 {[%clk 00:28:03]} {[%emt 00:03:59]} Rf8 {[%clk 00:48:58]} {[%emt 00:00:05]}
29. Nf5 {[%clk 00:27:47]} {[%emt 00:00:46]} Nd3 {[%clk 00:35:37]} {[%emt
00:13:52]} 30. Ra1 {[%clk 00:22:13]} {[%emt 00:06:03]} Rf6 {[%clk 00:34:09]}
{[%emt 00:01:59]} 31. Ne7+ {[%clk 00:20:27]} {[%emt 00:02:15]} Kh8 {[%clk
00:34:15]} {[%emt 00:00:23]} 32. Nd5 {[%clk 00:16:01]} {[%emt 00:04:57]} Rf5
{[%clk 00:27:38]} {[%emt 00:07:07]} 33. Qd6 {[%clk 00:15:27]} {[%emt 00:01:04]}
Re8 {[%clk 00:25:45]} {[%emt 00:02:24]} 34. Nc3 {[%clk 00:15:13]} {[%emt
00:00:43]} Rxf2 {[%clk 00:25:38]} {[%emt 00:00:37]} 35. Nxe2 {[%clk 00:15:15]}
{[%emt 00:00:29]} Rxe2 {[%clk 00:26:02]} {[%emt 00:00:06]} 36. Qxd3 {[%clk
00:15:34]} {[%emt 00:00:10]} R8xe3 {[%clk 00:25:45]} {[%emt 00:00:46]} 37. Qd4
{[%clk 00:13:10]} {[%emt 00:02:55]} a6 {[%clk 00:22:07]} {[%emt 00:04:09]} 38.
Kf1 {[%clk 00:10:55]} {[%emt 00:02:44]} Re6 {[%clk 00:21:56]} {[%emt 00:00:39]}
39. Qd8+ {[%clk 00:10:57]} {[%emt 00:00:30]} Re8 {[%clk 00:21:57]} {[%emt
00:00:29]} 40. Qd3 {[%clk 00:11:04]} {[%emt 00:00:22]} R2e6 {[%clk 00:21:15]}
{[%emt 00:01:12]} 41. Rxa6 {[%clk 00:11:06]} {[%emt 00:00:28]} Rxa6 {[%clk
00:21:41]} {[%emt 00:00:06]} 42. Qxa6 {[%clk 00:11:31]} {[%emt 00:00:04]} Kg8
{[%clk 00:21:07]} {[%emt 00:01:04]} 43. g3 {[%clk 00:11:18]} {[%emt 00:00:43]}
Kh8 {[%clk 00:20:43]} {[%emt 00:00:54]} 44. Kf2 {[%clk 00:11:28]} {[%emt
00:00:20]} Re5 {[%clk 00:13:05]} {[%emt 00:08:08]} 45. h3 {[%clk 00:11:02]}
{[%emt 00:00:56]} h5 {[%clk 00:12:20]} {[%emt 00:01:15]} 46. Qd6 {[%clk
00:08:26]} {[%emt 00:03:05]} f6 {[%clk 00:12:26]} {[%emt 00:00:25]} 47. Kf3
{[%clk 00:06:30]} {[%emt 00:02:26]} Kh7 {[%clk 00:10:22]} {[%emt 00:02:34]} 48.
Kf4 {[%clk 00:06:32]} {[%emt 00:00:28]} Kg6 {[%clk 00:09:01]} {[%emt 00:01:51]}
49. Qd3+ {[%clk 00:06:10]} {[%emt 00:00:52]} Kh6 {[%clk 00:09:09]} {[%emt
00:00:22]} 50. Qd8 {[%clk 00:06:00]} {[%emt 00:00:40]} Kh7 {[%clk 00:09:13]}
{[%emt 00:00:25]} 51. Qf8 {[%clk 00:06:11]} {[%emt 00:00:19]} Ra5 {[%clk
00:09:19]} {[%emt 00:00:24]} 52. Qc8 {[%clk 00:05:27]} {[%emt 00:01:15]} Re5
{[%clk 00:09:39]} {[%emt 00:00:10]} 53. g4 {[%clk 00:04:28]} {[%emt 00:01:29]}
hxg4 {[%clk 00:10:03]} {[%emt 00:00:05]} 54. Kxg4 {[%clk 00:04:51]} {[%emt
00:00:08]} Rg5+ {[%clk 00:09:25]} {[%emt 00:01:09]} 55. Kf4 {[%clk 00:04:57]}
{[%emt 00:00:23]} Ra5 {[%clk 00:09:36]} {[%emt 00:00:19]} 56. h4 {[%clk
00:04:36]} {[%emt 00:00:50]} Re5 {[%clk 00:06:09]} {[%emt 00:03:58]} 57. Kg4
{[%clk 00:04:00]} {[%emt 00:01:05]} Re4+ {[%clk 00:05:33]} {[%emt 00:01:07]} 58.
Kf5 {[%clk 00:02:57]} {[%emt 00:01:33]} Re5+ {[%clk 00:03:34]} {[%emt
00:02:29]} 59. Kf4 {[%clk 00:03:21]} {[%emt 00:00:07]} Ra5 {[%clk 00:03:49]}
{[%emt 00:00:14]} 60. Kg4 {[%clk 00:03:40]} {[%emt 00:00:11]} Re5 {[%clk
00:03:44]} {[%emt 00:00:35]} 61. Qb8 {[%clk 00:02:09]} {[%emt 00:02:02]} Re4+
{[%clk 00:03:53]} {[%emt 00:00:19]} 62. Kg3 {[%clk 00:02:25]} {[%emt 00:00:15]}
Re3+ {[%clk 00:04:04]} {[%emt 00:00:18]} 63. Kf4 {[%clk 00:02:40]} {[%emt
00:00:16]} Re5 {[%clk 00:04:32]} {[%emt 00:00:01]} 64. Qc8 {[%clk 00:02:28]}
{[%emt 00:00:43]} Ra5 {[%clk 00:04:45]} {[%emt 00:00:16]} 65. Kg4 {[%clk
00:00:57]} {[%emt 00:02:02]} Re5 {[%clk 00:05:02]} {[%emt 00:00:13]} 66. h5
{[%clk 00:01:17]} {[%emt 00:00:09]} Re4+ {[%clk 00:04:52]} {[%emt 00:00:39]} 67.
Kf3 {[%clk 00:01:22]} {[%emt 00:00:27]} Re5 {[%clk 00:05:13]} {[%emt 00:00:06]}
68. Qc2+ {[%clk 00:01:44]} {[%emt 00:00:10]} Kh8 {[%clk 00:05:07]} {[%emt
00:00:37]} 69. h6 {[%clk 00:02:05]} {[%emt 00:00:09]} Rg5 {[%clk 00:04:32]}
{[%emt 00:01:05]} 70. hxg7+ {[%clk 00:01:31]} {[%emt 00:01:04]} Kxg7 {[%clk
00:04:56]} {[%emt 00:00:05]} 71. Kf4 {[%clk 00:01:49]} {[%emt 00:00:13]} Re5
{[%clk 00:05:07]} {[%emt 00:00:17]} 72. Qc7+ {[%clk 00:02:12]} {[%emt
00:00:09]} Kf8 {[%clk 00:04:12]} {[%emt 00:01:25]} 73. Qd7 {[%clk 00:01:39]}
{[%emt 00:01:03]} Kg8 {[%clk 00:04:34]} {[%emt 00:00:08]} 74. Qd8+ {[%clk
00:00:53]} {[%emt 00:01:16]} Kf7 {[%clk 00:04:56]} {[%emt 00:00:08]} 75. Qh8
{[%clk 00:01:10]} {[%emt 00:00:13]} Rg5 {[%clk 00:05:22]} {[%emt 00:00:03]} 76.
Qh7+ {[%clk 00:01:27]} {[%emt 00:00:13]} Kf8 {[%clk 00:05:47]} {[%emt
00:00:05]} 77. Qd7 {[%clk 00:01:22]} {[%emt 00:00:35]} Re5 {[%clk 00:06:10]}
{[%emt 00:00:07]} 78. Kg4 {[%clk 00:01:34]} {[%emt 00:00:19]} Kg8 {[%clk
00:06:30]} {[%emt 00:00:10]} 79. Kf4 {[%clk 00:01:34]} {[%emt 00:00:30]} Kf8
{[%clk 00:06:56]} {[%emt 00:00:04]} 80. Qh7 {[%clk 00:01:07]} {[%emt 00:00:57]}
Rg5 {[%clk 00:07:23]} {[%emt 00:00:03]} 81. Qh3 {[%clk 00:01:16]} {[%emt
00:00:21]} Ke7 {[%clk 00:06:36]} {[%emt 00:01:17]} 82. Qh6 {[%clk 00:01:09]}
{[%emt 00:00:37]} Kf7 {[%clk 00:06:53]} {[%emt 00:00:12]} 83. Qh7+ {[%clk
00:01:18]} {[%emt 00:00:21]} Kf8 {[%clk 00:06:18]} {[%emt 00:01:03]} 84. Qd7
{[%clk 00:01:08]} {[%emt 00:03:09]} Re5 {[%emt 00:00:25]}  1/2-1/2

[Event "2nd Easter 4NCL Congress"]
[Site "Daventry"]
[Date "2022.04.18"]
[Round "6"]
[Board "4"]
[White "Gordon, Frederick"]
[Black "Bezuidenhout, Roland"]
[Result "1/2-1/2"]
[WhiteElo "1829"]
[BlackElo "2332"]
[PlyCount "0"]
[EventDate "2022.04.15"]
[EventRounds "7"]
[EventCountry "ENG"]

1. e4 {[%clk 01:30:58]} e6 {[%clk 01:29:52]} {[%emt 00:01:08]} 2. Nf3 {[%clk
01:31:17]} {[%emt 00:00:12]} d5 {[%clk 01:30:14]} {[%emt 00:00:08]} 3. Nc3
{[%clk 01:31:41]} {[%emt 00:00:06]} Nf6 {[%clk 01:29:51]} {[%emt 00:00:52]} 4.
e5 {[%clk 01:31:53]} {[%emt 00:00:20]} Nfd7 {[%clk 01:30:15]} {[%emt 00:00:05]}
5. d4 {[%clk 01:32:12]} {[%emt 00:00:11]} c5 {[%clk 01:29:47]} {[%emt
00:00:58]} 6. dxc5 {[%clk 01:32:31]} {[%emt 00:00:10]} Nc6 {[%clk 01:29:23]}
{[%emt 00:00:55]} 7. Bf4 {[%clk 01:32:51]} {[%emt 00:00:10]} Nxc5 {[%clk
01:28:42]} {[%emt 00:01:11]} 8. a3 {[%clk 01:31:39]} {[%emt 00:01:42]} Be7
{[%clk 01:28:01]} {[%emt 00:01:10]} 9. Be2 {[%clk 01:31:58]} {[%emt 00:00:12]}
g5 {[%clk 01:28:27]} {[%emt 00:00:04]} 10. Bg3 {[%clk 01:32:06]} {[%emt
00:00:22]} a6 {[%clk 01:28:52]} {[%emt 00:00:05]} 11. Nd4 {[%clk 01:27:05]}
{[%emt 00:05:31]} Bd7 {[%clk 01:29:02]} {[%emt 00:00:20]} 12. Bh5 {[%clk
01:20:39]} {[%emt 00:06:56]} Qb6 {[%clk 01:23:29]} {[%emt 00:06:03]} 13. b4
{[%clk 01:12:41]} {[%emt 00:08:29]} Nxd4 {[%clk 01:08:04]} {[%emt 00:15:55]} 14.
Qxd4 {[%clk 01:13:00]} {[%emt 00:00:11]} Na4 {[%clk 01:08:28]} {[%emt
00:00:06]} 15. Ne2 {[%clk 01:06:17]} {[%emt 00:07:12]} a5 {[%clk 00:56:44]}
{[%emt 00:12:14]} 16. O-O {[%clk 00:57:43]} {[%emt 00:09:04]} Qxd4 {[%clk
00:55:46]} {[%emt 00:01:27]} 17. Nxd4 {[%clk 00:57:56]} {[%emt 00:00:18]} axb4
{[%clk 00:53:12]} {[%emt 00:03:03]} 18. axb4 {[%clk 00:57:18]} {[%emt
00:01:08]} Bxb4 {[%clk 00:52:30]} {[%emt 00:01:13]} 19. Rab1 {[%clk 00:56:26]}
{[%emt 00:01:22]} Bc5 {[%clk 00:47:48]} {[%emt 00:05:11]} 20. Nf3 {[%clk
00:52:56]} {[%emt 00:04:01]} Rg8 {[%clk 00:43:10]} {[%emt 00:05:08]} 21. Rxb7
{[%clk 00:50:52]} {[%emt 00:02:34]} g4 {[%clk 00:40:00]} {[%emt 00:03:40]} 22.
Nd2 {[%clk 00:47:57]} {[%emt 00:03:25]} Rd8 {[%clk 00:37:31]} {[%emt 00:02:59]}
23. Ra1 {[%clk 00:41:44]} {[%emt 00:06:43]} Nc3 {[%clk 00:34:49]} {[%emt
00:03:11]} 24. Bh4 {[%clk 00:35:39]} {[%emt 00:06:35]} Be7 {[%clk 00:33:29]}
{[%emt 00:01:50]} 25. Bxe7 {[%clk 00:35:37]} {[%emt 00:00:32]} Kxe7 {[%clk
00:33:53]} {[%emt 00:00:05]} 26. f3 {[%clk 00:34:15]} {[%emt 00:01:53]} gxf3
{[%clk 00:27:14]} {[%emt 00:07:09]} 27. Bxf3 {[%clk 00:33:45]} {[%emt
00:01:00]} Rg5 {[%clk 00:27:36]} {[%emt 00:00:08]} 28. Re1 {[%clk 00:32:54]}
{[%emt 00:01:21]} Rc8 {[%clk 00:24:01]} {[%emt 00:04:05]} 29. h4 {[%clk
00:30:48]} {[%emt 00:02:35]} Rgg8 {[%clk 00:22:08]} {[%emt 00:02:24]} 30. Ra1
{[%clk 00:25:50]} {[%emt 00:05:28]} Nb5 {[%clk 00:19:19]} {[%emt 00:03:19]} 31.
Be2 {[%clk 00:19:30]} {[%emt 00:06:50]} Nd4 {[%clk 00:16:20]} {[%emt 00:03:29]}
32. Bd3 {[%clk 00:19:23]} {[%emt 00:00:36]} Rb8 {[%clk 00:11:02]} {[%emt
00:05:48]} 33. Rxb8 {[%clk 00:17:11]} {[%emt 00:02:43]} Rxb8 {[%clk 00:11:27]}
{[%emt 00:00:05]} 34. Nf3 {[%clk 00:17:03]} {[%emt 00:00:37]} Nxf3+ {[%clk
00:11:12]} {[%emt 00:00:45]} 35. gxf3 {[%clk 00:17:24]} {[%emt 00:00:09]}
 1/2-1/2

[Event "2nd Easter 4NCL Congress"]
[Site "Daventry"]
[Date "2022.04.18"]
[Round "6"]
[Board "5"]
[White "Wilks, Simon"]
[Black "Mason, Donald J"]
[Result "1-0"]
[WhiteElo "2161"]
[BlackElo "2152"]
[PlyCount "0"]
[EventDate "2022.04.15"]
[EventRounds "7"]
[EventCountry "ENG"]

1. e4 {[%clk 01:26:47]} {[%emt 00:04:13]} c5 {[%clk 01:30:54]} {[%emt
00:00:06]} 2. Nf3 {[%clk 01:25:57]} {[%emt 00:01:20]} Nc6 {[%clk 01:31:17]}
{[%emt 00:00:07]} 3. Bb5 {[%clk 01:25:42]} {[%emt 00:00:45]} g6 {[%clk
01:31:39]} {[%emt 00:00:08]} 4. Bxc6 {[%clk 01:25:16]} {[%emt 00:00:56]} dxc6
{[%clk 01:32:00]} {[%emt 00:00:08]} 5. d3 {[%clk 01:25:05]} {[%emt 00:00:42]}
Bg7 {[%clk 01:31:56]} {[%emt 00:00:33]} 6. h3 {[%clk 01:25:26]} {[%emt
00:00:10]} Nf6 {[%clk 01:30:48]} {[%emt 00:01:37]} 7. Nc3 {[%clk 01:25:08]}
{[%emt 00:00:49]} Nd7 {[%clk 01:29:58]} {[%emt 00:01:20]} 8. Be3 {[%clk
01:24:30]} {[%emt 00:01:08]} e5 {[%clk 01:29:37]} {[%emt 00:00:50]} 9. Qd2
{[%clk 01:23:56]} {[%emt 00:01:04]} h6 {[%clk 01:27:18]} {[%emt 00:02:49]} 10.
O-O {[%clk 01:22:39]} {[%emt 00:01:49]} b6 {[%clk 01:13:43]} {[%emt 00:14:04]}
11. Nh2 {[%clk 01:18:37]} {[%emt 00:04:32]} Nf8 {[%emt 00:05:46]} 12. f4 {[%clk
01:17:40]} exf4 {[%clk 01:10:05]} {[%emt 00:00:20]} 13. Bxf4 {[%clk 01:16:43]}
{[%emt 00:01:27]} Ne6 {[%clk 01:09:50]} {[%emt 00:00:44]} 14. Be3 {[%clk
01:14:49]} {[%emt 00:02:24]} h5 {[%clk 01:05:36]} {[%emt 00:04:44]} 15. Nf3
{[%clk 01:07:21]} {[%emt 00:07:58]} Nd4 {[%clk 01:01:57]} {[%emt 00:04:08]} 16.
Rae1 {[%clk 01:03:20]} {[%emt 00:04:32]} O-O {[%clk 00:56:50]} {[%emt
00:05:37]} 17. Bh6 {[%clk 00:49:28]} {[%emt 00:14:22]} Nxf3+ {[%clk 00:54:36]}
{[%emt 00:02:43]} 18. Rxf3 {[%clk 00:49:09]} {[%emt 00:00:50]} Bxh6 {[%clk
00:54:58]} {[%emt 00:00:08]} 19. Qxh6 {[%clk 00:49:01]} {[%emt 00:00:38]} Qd4+
{[%clk 00:55:19]} {[%emt 00:00:09]} 20. Kh1 {[%clk 00:44:48]} {[%emt 00:04:43]}
Qg7 {[%clk 00:55:42]} {[%emt 00:00:07]} 21. Qg5 {[%clk 00:37:22]} {[%emt
00:07:55]} f6 {[%clk 00:51:17]} {[%emt 00:04:55]} 22. Qh4 {[%clk 00:34:59]}
{[%emt 00:02:54]} Bd7 {[%clk 00:40:24]} {[%emt 00:11:22]} 23. Ref1 {[%clk
00:32:36]} {[%emt 00:02:54]} f5 {[%clk 00:37:27]} {[%emt 00:03:27]} 24. Qg5
{[%clk 00:29:33]} {[%emt 00:03:33]} Rae8 {[%clk 00:34:38]} {[%emt 00:03:18]} 25.
exf5 {[%clk 00:08:46]} {[%emt 00:21:19]} Rxf5 {[%clk 00:34:32]} {[%emt
00:00:35]} 26. Rxf5 {[%clk 00:05:19]} {[%emt 00:03:57]} gxf5 {[%clk 00:25:51]}
{[%emt 00:09:11]} 27. Qxh5 {[%clk 00:05:01]} {[%emt 00:00:49]} Re6 {[%clk
00:26:16]} {[%emt 00:00:04]} 28. Qf3 {[%clk 00:03:11]} {[%emt 00:02:19]} Rg6
{[%clk 00:24:49]} {[%emt 00:01:57]} 29. Rf2 {[%clk 00:02:29]} {[%emt 00:01:14]}
b5 {[%clk 00:21:34]} {[%emt 00:03:43]} 30. Nd1 {[%clk 00:01:56]} {[%emt
00:01:04]} f4 {[%clk 00:21:18]} {[%emt 00:00:45]} 31. Qxf4 {[%clk 00:01:29]}
{[%emt 00:00:58]} Be6 {[%clk 00:18:27]} {[%emt 00:03:21]} 32. b3 {[%clk
00:00:56]} {[%emt 00:01:04]} Qa1 {[%clk 00:17:19]} {[%emt 00:01:37]} 33. Rf1
{[%clk 00:01:01]} {[%emt 00:00:25]} Qg7 {[%clk 00:10:17]} {[%emt 00:07:32]} 34.
Ne3 {[%clk 00:01:06]} {[%emt 00:00:26]} Rh6 {[%clk 00:10:45]} {[%emt 00:00:01]}
35. Nf5 {[%clk 00:00:48]} {[%emt 00:00:48]} Rxh3+ {[%clk 00:08:23]} {[%emt
00:02:52]} 36. gxh3 {[%clk 00:01:10]} {[%emt 00:00:08]} Bd5+ {[%clk 00:08:49]}
{[%emt 00:00:04]} 37. Rf3 {[%clk 00:01:27]} {[%emt 00:00:13]} Bxf3+ {[%clk
00:06:04]} {[%emt 00:03:15]} 38. Qxf3 {[%clk 00:01:53]} {[%emt 00:00:04]} Qf6
{[%clk 00:06:29]} {[%emt 00:00:05]} 39. Kg2 {[%clk 00:01:34]} {[%emt 00:00:49]}
a5 {[%clk 00:06:36]} {[%emt 00:00:22]} 40. Qg4+ {[%clk 00:01:38]} {[%emt
00:00:26]} Kf8 {[%clk 00:06:30]} {[%emt 00:00:36]} 41. Qg7+ {[%emt 00:02:27]}
 1-0

[Event "2nd Easter 4NCL Congress"]
[Site "Daventry"]
[Date "2022.04.18"]
[Round "6"]
[Board "6"]
[White "Arkell, Keith C"]
[Black "Mccumiskey, Andrew P"]
[Result "1-0"]
[WhiteElo "2462"]
[BlackElo "2109"]
[PlyCount "0"]
[EventDate "2022.04.15"]
[EventRounds "7"]
[EventCountry "ENG"]

1. Nf3 {[%clk 01:23:28]} {[%emt 00:07:31]} d6 {[%clk 01:30:39]} {[%emt
00:00:22]} 2. d4 {[%clk 01:23:50]} {[%emt 00:00:08]} g6 {[%clk 01:31:04]}
{[%emt 00:00:04]} 3. c4 {[%clk 01:24:17]} {[%emt 00:00:04]} Bg7 {[%clk
01:31:26]} {[%emt 00:00:07]} 4. Nc3 {[%clk 01:24:41]} {[%emt 00:00:07]} Nf6
{[%clk 01:28:45]} {[%emt 00:03:10]} 5. g3 {[%clk 01:25:06]} {[%emt 00:00:05]}
O-O {[%clk 01:28:54]} {[%emt 00:00:21]} 6. Bg2 {[%clk 01:25:33]} {[%emt
00:00:04]} Nbd7 {[%clk 01:27:20]} {[%emt 00:02:04]} 7. O-O {[%clk 01:25:47]}
{[%emt 00:00:15]} e5 {[%clk 01:25:14]} {[%emt 00:02:36]} 8. e4 {[%clk
01:26:12]} {[%emt 00:00:05]} exd4 {[%clk 01:18:55]} {[%emt 00:06:49]} 9. Nxd4
{[%clk 01:26:36]} {[%emt 00:00:05]} Ne5 {[%clk 01:18:22]} {[%emt 00:01:04]} 10.
b3 {[%clk 01:26:49]} {[%emt 00:00:17]} Bg4 {[%clk 01:15:59]} {[%emt 00:02:54]}
11. f3 {[%clk 01:27:09]} {[%emt 00:00:09]} Bd7 {[%clk 01:16:12]} {[%emt
00:00:18]} 12. Be3 {[%clk 01:27:24]} {[%emt 00:00:14]} h6 {[%clk 01:12:14]}
{[%emt 00:04:28]} 13. Qd2 {[%clk 01:27:41]} {[%emt 00:00:14]} Kh7 {[%clk
01:12:35]} {[%emt 00:00:08]} 14. Rad1 {[%clk 01:27:29]} {[%emt 00:00:42]} a6
{[%clk 01:10:03]} {[%emt 00:03:03]} 15. h3 {[%clk 01:26:33]} {[%emt 00:01:25]}
Rb8 {[%clk 01:05:47]} {[%emt 00:04:46]} 16. f4 {[%clk 01:26:50]} {[%emt
00:00:14]} Nc6 {[%clk 01:06:10]} {[%emt 00:00:07]} 17. Rfe1 {[%clk 01:24:53]}
{[%emt 00:02:26]} Re8 {[%clk 01:03:07]} {[%emt 00:03:34]} 18. Bf2 {[%clk
01:21:59]} {[%emt 00:03:24]} Nxd4 {[%clk 00:57:29]} {[%emt 00:06:07]} 19. Bxd4
{[%clk 01:22:24]} {[%emt 00:00:06]} Bc6 {[%clk 00:46:15]} {[%emt 00:11:44]} 20.
Nd5 {[%clk 01:20:45]} {[%emt 00:02:08]} Nxd5 {[%clk 00:37:10]} {[%emt
00:09:36]} 21. cxd5 {[%clk 01:18:49]} {[%emt 00:02:26]} Bd7 {[%clk 00:37:33]}
{[%emt 00:00:07]} 22. Bxg7 {[%clk 01:18:35]} {[%emt 00:00:44]} Kxg7 {[%clk
00:38:01]} {[%emt 00:00:01]} 23. Qc3+ {[%clk 01:18:54]} {[%emt 00:00:12]} Kh7
{[%clk 00:34:41]} {[%emt 00:03:50]} 24. e5 {[%clk 01:15:09]} {[%emt 00:04:16]}
h5 {[%clk 00:30:31]} {[%emt 00:04:40]} 25. Kh2 {[%clk 01:14:15]} {[%emt
00:01:23]} Bf5 {[%clk 00:29:36]} {[%emt 00:01:25]} 26. Bf3 {[%clk 01:09:42]}
{[%emt 00:05:03]} Kg8 {[%clk 00:27:47]} {[%emt 00:02:19]} 27. e6 {[%clk
01:00:19]} {[%emt 00:09:53]} fxe6 {[%clk 00:25:34]} {[%emt 00:02:44]} 28. g4
{[%clk 00:59:47]} {[%emt 00:01:02]} hxg4 {[%clk 00:25:41]} {[%emt 00:00:22]} 29.
hxg4 {[%clk 00:59:36]} {[%emt 00:00:41]} Kf7 {[%clk 00:13:30]} {[%emt
00:12:41]} 30. gxf5 {[%clk 00:57:47]} {[%emt 00:02:17]} Qh4+ {[%clk 00:12:25]}
{[%emt 00:01:38]} 31. Kg2 {[%clk 00:57:33]} {[%emt 00:00:43]} gxf5 {[%clk
00:11:11]} {[%emt 00:01:44]} 32. dxe6+ {[%clk 00:56:49]} {[%emt 00:01:13]} Kg6
{[%clk 00:09:22]} {[%emt 00:02:20]} 33. Rh1 {[%clk 00:56:45]} {[%emt 00:00:34]}
Qxf4 {[%clk 00:09:00]} {[%emt 00:00:53]} 34. Kf2 {[%emt 00:01:41]}  1-0

[Event "2nd Easter 4NCL Congress"]
[Site "Daventry"]
[Date "2022.04.18"]
[Round "6"]
[Board "7"]
[White "Okhai, Shabir"]
[Black "White, Stuart A"]
[Result "1/2-1/2"]
[WhiteElo "2267"]
[BlackElo "2097"]
[PlyCount "0"]
[EventDate "2022.04.15"]
[EventRounds "7"]
[EventCountry "ENG"]

1. e4 {[%clk 01:30:25]} {[%emt 00:00:24]} e6 {[%clk 01:30:52]} {[%emt
00:00:18]} 2. d4 {[%clk 01:30:40]} {[%emt 00:00:17]} d5 {[%clk 01:31:17]}
{[%emt 00:00:04]} 3. Nc3 {[%clk 01:31:06]} {[%emt 00:00:04]} Nf6 {[%clk
01:31:43]} {[%emt 00:00:05]} 4. e5 {[%clk 01:31:32]} {[%emt 00:00:04]} Nfd7
{[%clk 01:32:10]} {[%emt 00:00:03]} 5. f4 {[%clk 01:31:57]} {[%emt 00:00:05]}
c5 {[%clk 01:32:37]} {[%emt 00:00:02]} 6. Nf3 {[%clk 01:32:21]} {[%emt
00:00:05]} Nc6 {[%clk 01:33:03]} {[%emt 00:00:06]} 7. Be3 {[%clk 01:32:47]}
{[%emt 00:00:03]} a6 {[%clk 01:33:15]} {[%emt 00:00:18]} 8. Qd2 {[%clk
01:33:10]} {[%emt 00:00:07]} Be7 {[%clk 01:33:38]} {[%emt 00:00:06]} 9. dxc5
{[%clk 01:33:15]} {[%emt 00:00:26]} Nxc5 {[%clk 01:33:52]} {[%emt 00:00:16]} 10.
O-O-O {[%clk 01:33:13]} {[%emt 00:00:32]} b5 {[%clk 01:34:05]} {[%emt
00:00:17]} 11. Nd4 {[%clk 01:28:49]} {[%emt 00:04:54]} Qc7 {[%clk 01:27:17]}
{[%emt 00:07:18]} 12. Nxc6 {[%clk 01:23:44]} {[%emt 00:05:36]} Qxc6 {[%clk
01:27:40]} {[%emt 00:00:07]} 13. Bd3 {[%clk 01:12:51]} {[%emt 00:11:22]} b4
{[%clk 01:15:31]} {[%emt 00:12:40]} 14. Ne2 {[%clk 01:12:53]} {[%emt 00:00:28]}
b3 {[%clk 01:15:43]} {[%emt 00:00:17]} 15. a3 {[%clk 01:10:50]} {[%emt
00:02:33]} Rb8 {[%clk 01:11:50]} {[%emt 00:04:22]} 16. Qc3 {[%clk 01:03:29]}
{[%emt 00:07:52]} Bd7 {[%clk 01:02:03]} {[%emt 00:10:17]} 17. Bxc5 {[%clk
00:57:30]} {[%emt 00:06:29]}  1/2-1/2